Chceme skolaudovať kultúrny dom pokračujeme v seriáli so starostami o tom, čo chcú zo sľubov vo volebných programoch tento rok zmeniť na realitu

Bibliographic Details
Main Author: Kažimír, Marek (Author)
Format: Article
Language:Slovak
PhysicalDescription:Obr.
ISSN:1336-5320
Subjects:
Online Access:www.korzar.sk

MARC

LEADER 00000nab a2200000 a 4500
001 vtls008964204
003 SK-MaSNL
005 20260408075834.0
008 070416 2007 xo r r 000 0 slo
038 |a KEVKJB 
040 |a KEVKJB  |b slo  |c KEVKJB  |e AACR2 
041 0 |a slo 
044 |a xo  |c SK 
080 |a 352.9  |2 2001 
245 0 0 |a Chceme skolaudovať kultúrny dom  |b pokračujeme v seriáli so starostami o tom, čo chcú zo sľubov vo volebných programoch tento rok zmeniť na realitu  |c [autori] lia, Marek Kažimír 
300 |b Obr. 
650 0 7 |a starostovia  |2 kevkjb  |9 29670 
651 7 |a Košice (Slovensko)  |2 kevkjb  |9 18694 
651 7 |a Krásna nad Hornádom (Krásna, Košice IV, Slovensko)  |2 kevkjb  |9 79319 
700 1 |a Kažimír, Marek  |4 aut  |9 487254 
773 0 |t Košický večer  |g Roč. 18(39), č. 15 (13.4.2007), s. 3  |x 1336-5320 
852 |a KEVKJB  |b KIS3GCP 
856 4 1 |u www.korzar.sk 
999 |c 1756978  |d 1758908